| 000 | 01374nam0a2200361 4500 | ||
|---|---|---|---|
| 001 | RU\NLR\BIBL_A\022624358 | ||
| 005 | 20251223162932.0 | ||
| 010 |
_a978-5-7992-1199-8 _9250 |
||
| 021 |
_aRU _bКН-П-25-045444 _9КН-П-25-4413 |
||
| 035 | _a(NLR Aleph) 022624358 | ||
| 090 |
_a13509479 _c13509479 |
||
| 100 | _a20250918d2025 u y0rusy50 ca | ||
| 101 | 0 | _arus | |
| 102 | _aRU | ||
| 105 | _aac z 000gy | ||
| 181 | 0 |
_ai3 _baxxe |
|
| 182 | 0 | _an | |
| 200 | 1 |
_aЗори вечерние _eстихотворения, песни, романсы _fВладимир Резник _g[художник-дизайнер Дядькова С. С.] |
|
| 203 |
_aТекст _bвизуальный _cнепосредственный |
||
| 210 |
_aМайкоп _cПолиграф-Юг _d2025 |
||
| 215 |
_a133, [1] с. _cил., портр. _d21 |
||
| 327 | 1 | _aСодерж.: циклы: Связь времён; Чисто русская благодать; Былого свет; Нет без Родины поэта | |
| 686 | 1 | _aЩ319.41(2) | |
| 686 | 2 | _aШ6(2=Р)8-5 | |
| 686 | 2 | _aШ6(2=Р)8-53 | |
| 700 | 1 |
_aРезник _bВ. П. _gВладимир Петрович |
|
| 702 | 1 |
_aДядькова _bС. С. _4040 |
|
| 942 | _cBOOK | ||
| 980 | _aNB | ||